| 000 | 00854 a2200229 4500 | ||
|---|---|---|---|
| 003 | Nust | ||
| 005 | 20170207154019.0 | ||
| 010 | _a 95004077 | ||
| 020 | _a0133373533 | ||
| 040 | _cNust | ||
| 082 | 0 | 0 | _a621.382 |
| 100 | 1 | _aEmbree, Paul M., | |
| 245 | 1 | 0 |
_aC algorithms for real-time DSP -(E-BOOK) _cPaul M. Embree. |
| 260 |
_aUpper Saddle River, N.J. : _bPrentice Hall PTR, _cc1995. |
||
| 300 |
_aviii, 248 p. : _bill. ; _c25 cm. + _e1 computer disk (3 1/2 in.) |
||
| 505 | _aDSP Fundamentals (Page-1), DSP Microprocessors In Embedded Systems (Page-98), Real Time Filtering (Page-132), Real Time DSP Applications (Page-186). | ||
| 538 | _aSystem requirements for accompanying computer disk: IBM compatible PC. | ||
| 650 | 0 | _aC (Computer program language) | |
| 650 | 0 | _aComputer algorithms. | |
| 650 | 0 | _aReal-time data processing. | |
| 651 | _aE-BOOK | ||
| 942 |
_2ddc _cBK |
||
| 999 |
_c191610 _d191610 |
||